000 00556nam a22001937a 4500
999 _c2437
_d2437
003 AR-CdUCM
008 190304b ||||| |||| 00| 0 spa d
040 _aMUNICIPALIDAD PROVINCIAL DEL CUSCO
_cBIBLIOTECA MUNICIPAL DEL CUSCO
082 _a869.5 /
_bP19
100 _aPalma, Ricardo /
_9304
110 _aPatronato del Libro Peruano
_91671
245 _aTradiciones Peruanas /
260 _aLima :
_bTalleres Offset.
300 _a122 páginas
_c17cm
505 _aNovela
650 _aLiteratura peruana
_97175
942 _2ddc
_cLIBROS
945 _anom